• 首页
  • 本馆介绍
  • 公告通知
  • 最新文献
  • 馆藏检索
  • 电子资源
  • 读者导购
  • 参考咨询
  • 我的图书馆
  • 登录
  • 详细信息显示
  • 放入我的书架
  • 预约/预借图书
  • 作者相关作品
  • 分类相关作品
  • 丛书相关作品
  • 出版社相关作品

书目信息

  • 表格格式
  • 工作单格式
  • 卡片格式
题名:
国际共产主义运动历史文献
    
 
作者: 王学东 主编 ;邢艳琦 卷主编
分册: 第51卷   共产国际执行委员会第十一次全会文献
出版信息: 北京   中央编译出版社  2015.7
页数: 550页
开本: 24cm
丛书名: 中央编译局文库
单 册:
中图分类: D165
科图分类:
主题词: 国际共产主义运动史--guo ji gong chan zhu yi yun dong shi--史料
电子资源:
ISBN: 978-7-5117-2499-1
000 01313nam0 2200313 450
001 2156758889
005 20211108155336.74
010    @a978-7-5117-2499-1@b精装@dCNY210.00
100    @a20190118e20192015em y0chiy50 ea
101 0  @achi
102    @aCN@b110000
105    @ay z 000yy
106    @ar
200 1  @a国际共产主义运动历史文献@Aguo ji gong chan zhu yi yun dong li shi wen xian@h第51卷@i共产国际执行委员会第十一次全会文献@h1@f王学东主编@g邢艳琦本卷主编
210    @a北京@c中央编译出版社@d2015.7@h2019.8重印
215    @a550页@d24cm
225 2  @a中央编译局文库@Azhong yang bian yi ju wen ku
300    @a国家出版基金项目 国家“十二五”重点图书
330    @a本卷包括全会第1-13次会议的速记记录。包括:库西宁致开幕词、曼努伊尔斯基作关于共产国际执行委员会主席团的工作报告、连斯基作副报告等。
333    @a广大党员干部
461  0 @12001 @a中央编译局文库
517 1  @a共产国际执行委员会第十一次全会文献@Agong chan guo ji zhi hang wei yuan hui di shi yi ci quan hui wen xian
601 02 @a共产国际@Agong chan guo ji@x代表会议@j史料
606 0  @a国际共产主义运动史@Aguo ji gong chan zhu yi yun dong shi@j史料
690    @aD165@v5
701  0 @a王学东@Awang xue dong@4主编
702  0 @a邢艳琦@Axing yan qi@4卷主编
801  0 @aCN@b百万庄@c20211108
905    @b1314091-93@dD165@e22(51)@f4
    
    国际共产主义运动历史文献.第51卷.共产国际执行委员会第十一次全会文献.1/王学东主编/邢艳琦本卷主编.-北京:中央编译出版社,2015.7(2019.8重印)
    550页;24cm.-(中央编译局文库)
    国家出版基金项目 国家“十二五”重点图书.-使用对象:广大党员干部
    
    ISBN 978-7-5117-2499-1(精装):CNY210.00
    本卷包括全会第1-13次会议的速记记录。包括:库西宁致开幕词、曼努伊尔斯基作关于共产国际执行委员会主席团的工作报告、连斯基作副报告等。
●
相关链接 在E读中查询图书 在五车中查询图书 在当当中查询图书 在豆瓣中查询图书


正题名:国际共产主义运动历史文献     索取号:D165/22(51)         预约/预借

序号 登录号 条形码 馆藏地/架位号 状态 备注
1 1314091   213140910   第一样本阅览室/ [索取号:D165/22(51)] 在馆    
2 1314092   213140929   第一借阅区/ [索取号:D165/22(51)] 在馆    
3 1314093   213140938   第一借阅区/ [索取号:D165/22(51)] 在馆    
唐山师范学院图书馆 欢迎您!
大连网信软件有限公司© 版权所有